| 000 | 01529cam a2200241 4500 | ||
|---|---|---|---|
| 001 | ##L131944 | ||
| 008 | 110911n2005 000 0 eng u | ||
| 020 | _a1859354289 | ||
| 035 | _a(Sirsi) u131944 | ||
| 041 | 0 | _aeng | |
| 050 | 0 | 4 | _a306.1 $2 18 |
| 100 | 1 | _aGroves, Rick | |
| 245 | 0 | 0 | _aImplementing new powers for private sector housing renewal |
| 260 |
_aLondon _bJoseph Rowntree Foundation _c2005 |
||
| 520 | _aThe Regulatory Reform (Housing Assistance) (England and Wales) Order 2002 was the first in a series of measures culminating in the Housing Act 2004 that have radically changed the way in which government seeks to encourage private sector home improvement in England and Wales. This study monitors the development and implementation of new private sector housing renewal strategies and identifies and disseminates good practice for the benefit of other local authorities and partner agencies. It finds a contrast between the optimistic and ambitious expectations of the government's new measures and the serious lack of capacity and resources within local authorities to deliver effective local private sector housing renewal. | ||
| 590 | _aIKA030106 | ||
| 650 | 2 | 4 | _aHOUSING ACT 2004 |
| 650 | 2 | 4 | _aREGULATORY REFORM (HOUSING ASSISTANCE) (ENGLAND AND WALES) ORDER 2002 |
| 690 | _aPROPERTY-RESIDENTIAL PROPERTY-RESIDENTIAL PROPERTY DEVELOPMENT | ||
| 700 | 1 | _aSankey, Sian | |
| 856 | 4 | 0 |
_uhttps://www.jrf.org.uk/sites/files/jrf/1859354289.pdf _zView the study free of charge at www.jrf.org |
| 942 | _n0 | ||
| 999 |
_c104915 _d104915 |
||